000 01042nam2a2200241 4500
001 RU\NLR\BIBL_A\022353582
005 20241209143311.0
010 _a978-5-6049848-6-4
021 _aRU
_bКН-П-24-052390
_9КН-П-24-5215
035 _a(NLR Aleph) 022353582
090 _a13260167
_c13260167
100 _a20241016d2024 k y0rusy50 ca
101 0 _arus
_aeng
102 _aRU
105 _aa z 100yy
200 0 _aЧ. 2
210 _d2024
215 _a416 с.
_cил., табл.
461 0 _1001RU\NLR\BIBL_A\022352768
_12001#$aСборник материалов VI Всероссийской с международным участием научно-практической конференции "Актуальные вопросы физического воспитания и адаптивной физической культуры в системе образования" (18-19 апреля 2024 г.)$vЧ. 2
942 _cBOOK
980 _aNB